| 000 | 01298cam a2200361 i 4500 | ||
|---|---|---|---|
| 001 | 30360 | ||
| 003 | Mx-PuUPA | ||
| 005 | 20250226134022.0 | ||
| 008 | 140415s1986 mx gr 000 0 spa d | ||
| 020 | _a9688560596 | ||
| 040 |
_cMx-PuUPA _aMx-PuUPA _bspa _dMx-PuUPA _erda |
||
| 041 | 1 |
_aspa _heng |
|
| 100 | 1 |
_aCollins, Larry, _d1929-2005 _916776 _eautor |
|
| 240 | 1 | 0 |
_aFall from grace. _lEspañol |
| 245 | 1 | 0 |
_aJuego mortal : _bfortitude / _cLarry Collins ; traducción de Lorenzo Cortina |
| 246 | 3 | _aFortitude. | |
| 250 |
_aPrimera edición / _bfebrero |
||
| 264 | 1 |
_aBarcelona : _bPlaza & Janes Editores, _c©1985 |
|
| 300 |
_a439 páginas ; _c21 cm |
||
| 336 |
_2rdacontent _atexto _btxt |
||
| 337 |
_2rdamedia _asin medio _bn |
||
| 338 |
_2rdacarrier _avolumen _bnc |
||
| 490 | 0 | _aColección Éxitos | |
| 546 | _aEl título en españo incluye una palabra en inglés. | ||
| 650 | 7 |
_2armarc _aGuerra mundial, 1939-1945 _vNovela |
|
| 650 | 7 |
_2armarc _aNovela histórica estadounidense |
|
| 700 | 1 |
_aCortina, Lorenzo de, _etraductor |
|
| 765 | 0 |
_aCollins, Larry, 1929-2005 _dNew York : Simon and Schuster, ©1985 _tFall from grace. |
|
| 942 |
_2ddc _cLI _h813.54 _iC68 |
||
| 999 |
_c30360 _d30360 |
||